Сбогуване с Чарлстън (Запис номер 20481)
[ съкратено ]
| 000 -Лидер | |
|---|---|
| Контролно поле с фиксирана дължина | 01383nam a2200337 a 4500 |
| 003 - Код на организацията, давaща контролен номер | |
| Контролно поле | BLK |
| 005 - Дата и час на последна редакция | |
| Контролно поле | 20250502112311.0 |
| 008 - Елементи от данни с фиксирана дължина | |
| fixed length control field | 180413b bul|||||r ||||||| ||bul|| |
| 010 ## - Наследен системен номер | |
| LC control number | KNG00022711000 |
| 040 ## - Източник на каталожния запис | |
| Идентификатор на билиотеката - собственик на записа | BLK |
| 041 ## - Код за език | |
| Код за езика на текст/звукозапис или на отделно заглавие | Български |
| Код за езика КДБФ | Български |
| 080 ## - УДК | |
| Текстов определител УДК | Американска литература (на САЩ) |
| УДК код - определител по УДК | 821.111(73) |
| УДК определител | -31 |
| УДК - код + определител | 821.111(73)-31 |
| 100 1# - Редна дума - Автор | |
| Автор | Рипли, Александра |
| Авторска отговорност | първи автор |
| R(LIN) | 116268 |
| 139 ## - Редно поле | |
| Редна дума | Рипли, Александра |
| Авторски знак | Рин - Р 63 |
| 245 10 - Сведения за заглавието | |
| Заглавие | Сбогуване с Чарлстън |
| Подзаглавни данни | Роман : Ч. 1 - 2 |
| Редно поле (дума) | Александра Рипли; прев. на том Благой Станчев; прев. на том Александър Недев Жеков. |
| Том | Ч. 1. |
| 257 ## - Страна на издаване | |
| Страна на създаване/издаване | Съединени американски щати |
| 260 ## - Област на издателските данни | |
| Място на издаване, разпространение и проч. | София |
| Име на издателя, разпространителя и проч. | Бард |
| Година на издаване | 1993 |
| Печатница | В. Търново : Абагар |
| 300 ## - Физическа характеристика | |
| Размери/Мащаб | 21 см |
| Страници | 448 с. |
| 380 ## - Жанр | |
| Жанр | Худож. лит. |
| 490 ## - СЕРИИ (Колекции) | |
| Име на серия | Избрани саги |
| 9 (RLIN) | 204991 |
| 700 1# - Други автори (авторска отговорност) | |
| Лично име | Станчев, Благой |
| Автороска отговорност (Описва отношението между автора и произведението) | прев. на том |
| 9 (RLIN) | 365533 |
| 700 ## - Други автори (авторска отговорност) | |
| Лично име | Жеков, Александър Недев |
| 9 (RLIN) | 244019 |
| 760 1# - Описание на основната серия | |
| Редна дума на основното описание | Рипли, Александра |
| Страници - том | 448 с. |
| Заглавие | Ч. 1. |
| 852 ## - Местоположение | |
| Форматна сигнатура | Цб 173260 |
| Фондова буква | Хранилище |
| 856 4# - Електронен адрес и достъп | |
| Електронен формат | pdf - файл |
| Път до файла /url/ | |
| Инструкция (цена за достъп) | 0.00 |
| Права за достъп | disable |
| 856 4# - Електронен адрес и достъп | |
| Електронен формат | pdf - файл |
| Път до файла /url/ | |
| Инструкция (цена за достъп) | 0.00 |
| Права за достъп | disable |
| 999 ## - СИСТЕМНИ КОНТРОЛНИ НОМЕРА | |
| Koha biblionumber | 20481 |
| Koha biblioitemnumber | 20481 |
| 942 ## - АРТИКУЛИ | |
| Вид на библиотечния материал | Книги |
| Скрит в OPAC | Не |
| Koha issues (borrowed), all copies | 7 |
| Периодичен библиозапис | Да |
| 944 ## - СЪЗДАВАНЕ И РЕДАКЦИЯ на ЗАПИСА | |
| Създаване/Редакция | Създаване |
| Дата на регистрацията/редакция | 15.01.2003 |
| Служител, извършил регистрацията/редакцията | 30552 |
| Статус, дата на статуса | Виолета Тройчева |
| 944 ## - СЪЗДАВАНЕ И РЕДАКЦИЯ на ЗАПИСА | |
| Създаване/Редакция | Редакция |
| Дата на регистрацията/редакция | 15.01.2003 |
| 999 ## - СИСТЕМНИ КОНТРОЛНИ НОМЕРА | |
| Koha biblioitemnumber | 20481 |
| Код за отписване | Код за изгубен артикул | Код за повреда | Коз за рестрикции | Код за отдаване | Артикулен № | Име на библиотеката - собственик | Име на библиотеката, в която се намира в момента | Статус (Текущо местоположение) | Дата на вписване в системата | Местоположение - отдел | Цена в лева | Инвентарен номер | Систематично азбучна сигнатура | Баркод | Номер на екземпляра | Цена в евро | Служебна бележка | Служебен тип на артикула | Източник на класификационната схема |
|---|---|---|---|---|---|---|---|---|---|---|---|---|---|---|---|---|---|---|---|
| Не е изгубен | Не е повреден | без рестрикции | заемане за дома | 33965 | Регионална библиотека "Любен Каравелов" Русе | Регионална библиотека "Любен Каравелов" Русе | Заемна - подръчен фонд | 2002-07-12 | Заемна - подръчен фонд | 2.30 | 120000671061 | П 820(73)-31/Р 63 | 120000671061 | 1 | 1.18 | Дост: Pk Вид: Б N: 2 Дата: 08.07.2002 Дата инв: 13.02.2018 Бележки инв: П2018 | Книги | ||
| Изтеглен | Не е изгубен | Не е повреден | без рестрикции | заемане за дома | 33966 | Регионална библиотека "Любен Каравелов" Русе | Регионална библиотека "Любен Каравелов" Русе | Заемна - подръчен фонд | 1993-01-01 | Заемна - подръчен фонд | 3.08 | 584941 | П 820(73)-31/Р 63 | 584941 | 2 | 1.57 | Дост: Pk Вид: Ф N: стар фонд Дата: 01.01.1993 | Книги | Universal Decimal Classification |
| Изтеглен | Не е изгубен | Не е повреден | без рестрикции | заемане за дома | 33967 | Регионална библиотека "Любен Каравелов" Русе | Регионална библиотека "Любен Каравелов" Русе | Заемна - подръчен фонд | 1993-01-01 | Заемна - подръчен фонд | 3.08 | 584942 | П 820(73)-31/Р 63 | 584942 | 3 | 1.57 | Дост: Pk Вид: Ф N: стар фонд Дата: 01.01.1993 | Книги | Universal Decimal Classification |
| Не е изгубен | Не е повреден | без рестрикции | ползва се в читалня | 33968 | Регионална библиотека "Любен Каравелов" Русе | Регионална библиотека "Любен Каравелов" Русе | Хранилище | 1993-01-01 | Хранилище | 1.54 | 587031 | Цб 173260 | 120000587031 | 4 | 0.79 | Дост: Dp Вид: Д N: стар фонд Дата: 01.01.1993 | Книги | Universal Decimal Classification |